An analysis of the power succession process in North Korea : with special reference to Kim Jong-il's birthday celebration on February 16 /
Saved in:
| Main Author: | |
|---|---|
| Other Authors: | , |
| Format: | Book |
| Language: | English |
| Published: |
Seoul, Korea :
Research Institute for National Unification,
c1996.
|
| Series: | Policy studies report (Minjok Tʻongil Yŏnʼguwŏn (Korea)) ;
series no. 3. |
| Subjects: | |
| Tags: |
Add Tag
No Tags, Be the first to tag this record!
|
| LEADER | 01092nam a2200277Ka 4500 | ||
|---|---|---|---|
| 001 | 008564478-1 | ||
| 005 | 20090713032458.0 | ||
| 008 | 010209s1996 ko e b 000|0 eng d | ||
| 035 | 0 | |a ocm35767214 | |
| 040 | |a SUC |c SUC |d CUS |d ILU | ||
| 043 | |a a-kn--- | ||
| 090 | |a DS935.5 |b .C46 1996 | ||
| 100 | 1 | |a Chŏn, Hyŏn-jun. | |
| 245 | 1 | 3 | |a An analysis of the power succession process in North Korea : |b with special reference to Kim Jong-il's birthday celebration on February 16 / |c by Hyun-Joon Chon, Sung Chull Kim and Soo-Young Choi. |
| 260 | |a Seoul, Korea : |b Research Institute for National Unification, |c c1996. | ||
| 300 | |a 23 p. ; |c 25 cm. | ||
| 490 | 1 | |a Policy studies report ; |v series no. 3 | |
| 504 | |a Includes bibliographical references. | ||
| 600 | 1 | 0 | |a Kim, Chŏng-il, |d 1942-2011. |
| 650 | 0 | |a Heads of state |z Korea (North) |x Succession. | |
| 651 | 0 | |a Korea (North) |x Politics and government. | |
| 700 | 1 | |a Chʻoe, Su-yŏng. | |
| 700 | 1 | |a Kim, Sŏng-chʻŏl. | |
| 830 | 0 | |a Policy studies report (Minjok Tʻongil Yŏnʼguwŏn (Korea)) ; |v series no. 3. | |
| 988 | |a 20020608 | ||
| 906 | |0 OCLC | ||


